Most Intense Atlantic Hurricanes of All Time - Statistics

General Stats
  • This quiz has been taken 99 times
  • The average score is 6 of 11
Answer Stats
Season Pressure (hPa) Answer % Correct
2005 902 Katrina
95%
2005 882 Wilma
75%
1969 900 Camille
61%
2005 895 Rita
61%
2004 910 Ivan
58%
1998 905 Mitch
54%
1935 892 "Labor Day"
51%
1980 899 Allen
48%
1988 888 Gilbert
48%
2007 905 Dean
45%
1924 910 Cuba
39%
No matching quizzes found
Score Distribution
Percent of People with Each Score
Percentile by Number Answered
Your Score History
You have not taken this quiz